Sports Quiz

Random Sports or NCAA Quiz
Score 0/135 Timer 12:00
1 Play Today
% Correct
UNC
95.7%
UNC
95.7%
UNC
95.6%
UNC
95.6%
UNC
95.6%
UNC
95.6%
Villanova
92.8%
Villanova
92.8%
Villanova
92.8%
Villanova
92.7%
Villanova
92.7%
Villanova
92.7%
Duke
92.5%
Duke
92.5%
Duke
92.5%
Villanova
92.1%
Kansas
91.5%
Kansas
91.1%
Kansas
91%
Kansas
90.8%
Michigan
90.4%
Michigan
90%
Michigan St
88.3%
Kentucky
88.2%
Kentucky
87.9%
Oregon
85.6%
Oregon
85%
Oregon
84.8%
Oregon
84.4%
Oklahoma
84.1%
Oklahoma
83.7%
Oklahoma
83.6%
Texas
83.4%
Oklahoma
83.3%
Oklahoma
83.2%
Syracuse
82.2%
Virginia
82.1%
Syracuse
82%
Syracuse
81.9%
Syracuse
81.7%
Syracuse
81.6%
Virginia
81.4%
Virginia
81.2%
Virginia
80.6%
Wisconsin
77.8%
% Correct
Wisconsin
77.6%
Wisconsin
77.5%
Iowa
75.9%
Indiana
75.8%
Indiana
75%
Gonzaga
75%
Gonzaga
75%
Gonzaga
74.9%
Iowa
74.8%
Indiana
74.8%
Arizona
73.7%
Baylor
70.1%
Miami
69.2%
Notre Dame
68.5%
Notre Dame
68.5%
Miami
68.3%
Notre Dame
68.2%
Miami
68.1%
Iowa St
68%
Texas A&M
68%
UConn
67.9%
USC
67.5%
Notre Dame
67.4%
Maryland
67.4%
Iowa St
67%
UConn
66.6%
Iowa St
66.6%
Texas A&M
66.4%
California
66.4%
Maryland
66.1%
Texas A&M
66.1%
Yale
65.9%
Maryland
65.8%
Xavier
65.3%
Yale
65.3%
Wichita St
64.9%
West Virginia
64.6%
Purdue
64.4%
Xavier
64%
Wichita St
63.8%
Wichita St
62.4%
Butler
61.8%
Butler
61.3%
CSU-Bakersfield
60.4%
Utah
60.2%
% Correct
Middle Tenn
59.5%
Utah
59%
Colorado
58.2%
Middle Tenn
57.2%
Dayton
56.5%
Oregon St
54.3%
Providence
54.2%
Cincinnati
54%
Texas Tech
53.6%
VCU
53.5%
Pittsburgh
53.1%
Providence
52.9%
FGCU
52.6%
VCU
52.3%
Hawaii
52.3%
FGCU
51.3%
Northern Iowa
51.3%
Hawaii
51%
Northern Iowa
50.4%
Temple
49.2%
Vanderbilt
48.6%
Seton Hall
47.2%
SFA
45.5%
SFA
45.5%
St Joseph's
43.6%
SDSU
42.9%
St Joseph's
41.6%
Little Rock
39.6%
Little Rock
39.1%
Tulsa
38.9%
Holy Cross
38.1%
UNC-Wilmington
37.8%
Iona
36.5%
Buffalo
36.4%
Holy Cross
35%
Stony Brook
31%
Austin Peay
30.3%
Southern
30.1%
Hampton
28.6%
Green Bay
28.6%
Fresno St
28.2%
Chattanooga
27.8%
UNC-Asheville
27.4%
Weber St
25.5%
FDU
22.4%
Remove Ads.
Support Sporcle.
Get the best of Sporcle when you Go Orange. This ad-free experience offers more features, more stats, and more fun while also helping to support Sporcle. Thank you for becoming a member.

You're not logged in!

Compare scores with friends on all Sporcle quizzes.
OR
Log In

Sporcle TV

Today on Sporcle TV


Watch our educational content, quiz creation guides, and fun videos on Sporcle TV.

Show Comments

Extras

Top Quizzes Today


Score Distribution

Paid Content

Your Account Isn't Verified!

In order to create a playlist on Sporcle, you need to verify the email address you used during registration. Go to your Sporcle Settings to finish the process.

Report this User

Report this user for behavior that violates our Community Guidelines.

Details: